Vojenská bibliografie československá III.

Bibliographic Details
Main Author: Lugs, Jaroslav, 1901-1980 (Author)
Format: Book
Language:Czech
PhysicalDescription:131 strán 21 cm
Published: Praha Vojenský ústav vědecký 1937
Series:Knihovna vojenské bibliografie
Subjects:

MARC

LEADER 00000cam a2200000 a 4500
001 vtls001462103
003 SK-MaSNL
005 20260311144932.0
008 250313s1937 xr grbn 001 0 cze
015 |a SNBA1937 
015 |a SNBSAB1937 
020 |q (brožované) 
035 |a SNK000417410 
035 |a urn:nbn:sk:snk-am3iklg 
035 |a BEACECEC-EBBB-41F7-BA5E-48C052FCDA2C 
035 |a urn:nbn:sk:snk-am00enbw 
040 |a SNK  |b slo  |c SNK  |e AACR2 
041 0 |a cze 
043 |a e-cs--- 
044 |a xr  |c CZ 
072 7 |a 355/359  |x Vojenstvo. Obrana krajiny. Ozbrojené sily  |2 konspekt 
080 |a 355/359  |2 2011 
080 |a (437)  |2 2011 
080 |a (01)  |2 2011 
100 1 |a Lugs, Jaroslav,  |d 1901-1980  |4 aut  |9 118174 
245 1 0 |a Vojenská bibliografie československá  |n III.  |c Jaroslav Lugs 
246 3 1 |a Bibliographie militaire tchécoslovaque 
260 |a Praha  |b Vojenský ústav vědecký  |c 1937 
300 |a 131 strán  |c 21 cm 
490 1 |a Knihovna vojenské bibliografie  |v svazek III. 
504 |a Obsahuje menný a vecný register 
650 0 7 |a vojenstvo  |2 SNKPH  |9 22591 
651 7 |a Československo  |2 SNKPHgeo  |9 21376 
655 7 |a bibliografie  |2 SNKPH  |9 28668 
830 0 |a Knihovna vojenské bibliografie  |9 713483 
852 |a Slovenská národná knižnica 
954 |a odborná, vedecká literatúra cudzojazyčná (svetová)  |2 lita 
958 |a RK 
958 |a TL 
958 |a OND 
958 |a SP 
958 |a CZ 
958 |a NB 
999 |c 1112966  |d 1114896 
952 |a SNK  |b SNK  |y PREZ  |7 0  |p 17A0842394  |o snkSC 15899  |i snkK 1545/62  |8 3  |3 Rekatalogizácia  |0 0  |1 0  |4 0  |d 2017-03-29  |f 1  |l 0  |r 2025-07-18 00:00:00  |w 2026-02-24